[Event "I Torneo Primavera C.A. Alcorcon 2019"]
[Site "Alcorcón ESP"]
[Date "2019.03.24"]
[Round "1.1"]
[White "Aguilera Lopez, Alejandro"]
[Black "Gomez Logrosan, Cristian"]
[Result "1-0"]
[WhiteElo "2203"]
[BlackElo "1822"]
[PlyCount "67"]
[EventDate "2019.03.24"]
[EventType "swiss"]
[EventRounds "9"]
[EventCountry "ESP"]
[SourceTitle "Ajedrez en Madrid"]
[Source "lmi"]
[SourceDate "2019.03.24"]
[SourceVersion "1"]
[SourceVersionDate "2019.05.22"]
[SourceQuality "1"]

1. e3 Nf6 2. b3 g6 3. Bb2 Bg7 4. d4 O-O 5. Bd3 d5 6. c4 e6 7. Nc3 c6 8. Nf3
Nbd7 9. O-O Re8 10. Qc2 b6 11. Rfe1 Bb7 12. Rad1 Qc7 13. e4 dxe4 14. Bxe4 c5
15. Nb5 Bxe4 16. Qxe4 Qb8 17. Qh4 a6 18. dxc5 axb5 19. c6 Nc5 20. Bxf6 Bxf6 21.
Qxf6 b4 22. Ne5 Rf8 23. Nd7 Nxd7 24. Rxd7 Ra7 25. Red1 Rxd7 26. cxd7 Rd8 27.
Qe7 Qa8 28. h4 Kg7 29. h5 Qb8 30. Rd3 Qc7 31. h6+ Kxh6 32. Qxf7 Qe5 33. Rh3+
Kg5 34. Qe7+ 1-0

[Event "I Torneo Primavera C.A. Alcorcon 2019"]
[Site "Alcorcón ESP"]
[Date "2019.03.24"]
[Round "1.2"]
[White "Barahona Torrijos, Angel"]
[Black "Bustos Bernardo, Samuel"]
[Result "1-0"]
[WhiteElo "1821"]
[BlackElo "2178"]
[PlyCount "125"]
[EventDate "2019.03.24"]
[EventType "swiss"]
[EventRounds "9"]
[EventCountry "ESP"]
[SourceTitle "Ajedrez en Madrid"]
[Source "lmi"]
[SourceDate "2019.03.24"]
[SourceVersion "1"]
[SourceVersionDate "2019.05.22"]
[SourceQuality "1"]

1. e4 c5 2. Nf3 d6 3. d4 cxd4 4. Qxd4 Nc6 5. Bb5 a6 6. Bxc6+ bxc6 7. e5 d5 8.
O-O e6 9. c4 Ne7 10. cxd5 cxd5 11. Bg5 h6 12. Qh4 Qb6 13. Nc3 Ng6 14. Qa4+ Bd7
15. Be3 Qxb2 16. Qd4 Rc8 17. Rfc1 Bc5 18. Qxc5 Rxc5 19. Bxc5 Qb7 20. Rab1 Bb5
21. a4 Qc6 22. Bd6 Bd3 23. Nd4 Qc4 24. Rb8+ Kd7 25. Rb7+ Kc8 26. Rb6 Qxd4 27.
Nxd5+ Bc4 28. Rc6+ Kb7 29. Rc7+ Ka8 30. Nb4 Bd5 31. Bc5 Qb2 32. Ra7+ Kb8 33.
Nxa6+ Kc8 34. Rc7+ Kd8 35. Bd4 Qxc1+ 36. Rxc1 Nf4 37. Bb6+ Ke7 38. Rc7+ Kd8 39.
Rc4+ Kd7 40. Rxf4 Kc6 41. a5 Kb7 42. Nb4 Rf8 43. Rd4 Rc8 44. f4 Rc1+ 45. Kf2
Bc6 46. Nxc6 Kxc6 47. Ra4 Rc2+ 48. Kf3 Kb5 49. Ra1 Rc3+ 50. Ke4 Ka6 51. Ra2 f6
52. g4 Rc4+ 53. Bd4 h5 54. exf6 gxf6 55. gxh5 Rc7 56. Bxf6 Rc5 57. Be5 Rb5 58.
h6 Rb3 59. h7 Rh3 60. h8=Q Rb3 61. Qa8+ Kb5 62. Qb7+ Kc5 63. Rc2+ 1-0

[Event "I Torneo Primavera C.A. Alcorcon 2019"]
[Site "Alcorcón ESP"]
[Date "2019.03.24"]
[Round "1.3"]
[White "Cabañas Bravo, Juan Andres"]
[Black "Del Rio Perezagua, Mario"]
[Result "1/2-1/2"]
[WhiteElo "1962"]
[BlackElo "1819"]
[PlyCount "96"]
[EventDate "2019.03.24"]
[EventType "swiss"]
[EventRounds "9"]
[EventCountry "ESP"]
[SourceTitle "Ajedrez en Madrid"]
[Source "lmi"]
[SourceDate "2019.03.24"]
[SourceVersion "1"]
[SourceVersionDate "2019.05.22"]
[SourceQuality "1"]

1. e4 d5 2. exd5 Qxd5 3. Nc3 Qd8 4. d4 Nf6 5. Nf3 Bg4 6. h3 Bxf3 7. Qxf3 c6 8.
Be3 e6 9. O-O-O Bb4 10. Ne2 O-O 11. g4 Qd5 12. Qxd5 exd5 13. Bg2 Re8 14. Ng3
Bd6 15. Nf5 Bc7 16. g5 Ne4 17. h4 Nd7 18. h5 Nf8 19. Rh4 Nd6 20. Nxd6 Bxd6 21.
Bf3 Re7 22. c4 dxc4 23. d5 c3 24. bxc3 cxd5 25. Rxd5 Rd7 26. Ra4 a6 27. Kc2 Re8
28. Bg4 Ne6 29. Re4 Red8 30. Rxe6 fxe6 31. Bxe6+ Kf8 32. Bxd7 Rxd7 33. Rxd6
Rxd6 34. Bc5 Ke7 35. c4 Ke6 36. Bxd6 Kxd6 37. f4 Ke6 38. Kd3 Kf5 39. Ke3 Kg4
40. h6 gxh6 41. gxh6 Kh5 42. Ke4 Kxh6 43. Kf5 Kg7 44. c5 Kf7 45. Kg5 Ke6 46. a3
Kf7 47. Kf5 h6 48. Ke5 Ke7 1/2-1/2

[Event "I Torneo Primavera C.A. Alcorcon 2019"]
[Site "Alcorcón ESP"]
[Date "2019.03.24"]
[Round "1.4"]
[White "Gonzalez Lopez, Sergio"]
[Black "Lopez Mijail, Nicolas"]
[Result "0-1"]
[WhiteElo "1762"]
[BlackElo "1950"]
[PlyCount "126"]
[EventDate "2019.03.24"]
[EventType "swiss"]
[EventRounds "9"]
[EventCountry "ESP"]
[SourceTitle "Ajedrez en Madrid"]
[Source "lmi"]
[SourceDate "2019.03.24"]
[SourceVersion "1"]
[SourceVersionDate "2019.05.22"]
[SourceQuality "1"]

1. c4 e5 2. Nc3 Nf6 3. Nf3 Nc6 4. g3 d5 5. cxd5 Nxd5 6. d3 Be6 7. Bg2 Be7 8.
O-O O-O 9. Re1 Kh8 10. Nxd5 Bxd5 11. e4 Be6 12. Be3 f5 13. d4 fxe4 14. Nxe5
Nxe5 15. dxe5 Bb4 16. Qxd8 Raxd8 17. Red1 Bf5 18. a3 Be7 19. Rac1 c5 20. h3 b6
21. Rd2 Kg8 22. Rcd1 Kf7 23. g4 Bg6 24. Bf1 Bh4 25. Rd7+ Rxd7 26. Rxd7+ Ke6 27.
Rxa7 Kxe5 28. Rb7 Bd8 29. Rxg7 Kd6 30. Bc4 Kc6 31. a4 Bc7 32. Bb5+ Kb7 33. a5
bxa5 34. Bxc5 Rd8 35. Be3 Rd1+ 36. Kg2 Rb1 37. Bd4 Rc1 38. Bc3 Kb6 39. Bd7 e3
40. Bd4+ Ka6 41. fxe3 Be4+ 42. Kf2 Rc2+ 43. Ke1 Bf3 44. Bc8+ Kb5 45. Rxc7 Rxc7
46. Bf5 Bb7 47. e4 Bxe4 48. Kf2 Bxf5 49. gxf5 Rf7 50. f6 Kc4 51. Be5 Kd5 52.
Bc3 a4 53. Kf3 Ke6 54. Ke4 Rc7 55. Kd3 Rc5 56. h4 Rh5 57. Be1 Kxf6 58. Kc4 Rf5
59. Kb4 Rf4+ 60. Ka3 Kg6 61. Bb4 Rxh4 62. Kxa4 h5 63. Kb3 Rxb4+ 0-1

[Event "I Torneo Primavera C.A. Alcorcon 2019"]
[Site "Alcorcón ESP"]
[Date "2019.03.24"]
[Round "1.5"]
[White "Nieto Perez, Juan V."]
[Black "Hidari, Walid"]
[Result "1-0"]
[WhiteElo "1909"]
[BlackElo "1695"]
[PlyCount "103"]
[EventDate "2019.03.24"]
[EventType "swiss"]
[EventRounds "9"]
[EventCountry "ESP"]
[SourceTitle "Ajedrez en Madrid"]
[Source "lmi"]
[SourceDate "2019.03.24"]
[SourceVersion "1"]
[SourceVersionDate "2019.05.22"]
[SourceQuality "1"]

1. Nf3 f5 2. d4 Nf6 3. e3 g6 4. c4 Bg7 5. Bd3 d6 6. Nc3 O-O 7. O-O Nc6 8. a3 e5
9. dxe5 Nxe5 10. Be2 h6 11. Qc2 Be6 12. b3 Ne4 13. Nd4 Bc8 14. Bb2 Nxc3 15.
Bxc3 a6 16. Rad1 Qe7 17. Qd2 Bd7 18. Rfe1 Rab8 19. h3 Qe8 20. f4 Nc6 21. Bf3
Nxd4 22. exd4 Qd8 23. Re2 c6 24. Rde1 Re8 25. Rxe8+ Bxe8 26. Re6 Bf7 27. Re2
Qd7 28. Bb4 Bf8 29. g4 Re8 30. gxf5 Rxe2 31. Bxe2 Qxf5 32. Bg4 Qb1+ 33. Bd1 Qf5
34. Kh2 h5 35. Bc2 Qf6 36. Qe3 Qe7 37. Qxe7 Bxe7 38. Kg3 h4+ 39. Kg4 Kg7 40. f5
g5 41. Kf3 c5 42. dxc5 dxc5 43. Ba5 Be8 44. Be4 Bc6 45. Bxc6 bxc6 46. Kg4 Kh6
47. Bc3 Bd8 48. Be5 Ba5 49. Bd6 Bd8 50. Bxc5 Bf6 51. Bf8+ Kh7 52. Kh5 1-0

[Event "I Torneo Primavera C.A. Alcorcon 2019"]
[Site "Alcorcón ESP"]
[Date "2019.03.24"]
[Round "1.6"]
[White "Periotto Miori, Fabrizio Lautaro"]
[Black "Campos Tores, Jose Luis"]
[Result "1/2-1/2"]
[WhiteElo "1634"]
[BlackElo "1904"]
[PlyCount "41"]
[EventDate "2019.03.24"]
[EventType "swiss"]
[EventRounds "9"]
[EventCountry "ESP"]
[SourceTitle "Ajedrez en Madrid"]
[Source "lmi"]
[SourceDate "2019.03.24"]
[SourceVersion "1"]
[SourceVersionDate "2019.05.22"]
[SourceQuality "1"]

1. e4 c5 2. Nf3 d6 3. d4 cxd4 4. Nxd4 Nf6 5. Nc3 a6 6. Bg5 e6 7. f4 h6 8. Bh4
Qb6 9. a3 Be7 10. Bf2 Qc7 11. Qf3 Nbd7 12. Bd3 b5 13. Be3 Bb7 14. O-O O-O 15.
g4 Nh7 16. Qh3 Nc5 17. Rae1 Rac8 18. Nf3 f5 19. exf5 Nxd3 20. cxd3 exf5 21. Nd4
1/2-1/2

[Event "I Torneo Primavera C.A. Alcorcon 2019"]
[Site "Alcorcón ESP"]
[Date "2019.03.24"]
[Round "1.7"]
[White "Arribas Jimenez, Pedro Angel"]
[Black "Lopez Guitian, Juan J."]
[Result "1-0"]
[WhiteElo "1855"]
[BlackElo "1567"]
[PlyCount "63"]
[EventDate "2019.03.24"]
[EventType "swiss"]
[EventRounds "9"]
[EventCountry "ESP"]
[SourceTitle "Ajedrez en Madrid"]
[Source "lmi"]
[SourceDate "2019.03.24"]
[SourceVersion "1"]
[SourceVersionDate "2019.05.22"]
[SourceQuality "1"]

1. e4 c6 2. d4 d5 3. exd5 cxd5 4. c4 Nf6 5. Nc3 e6 6. Nf3 Bb4 7. Ne5 Nfd7 8.
Qa4 Bxc3+ 9. bxc3 O-O 10. Bf4 Nxe5 11. Bxe5 Nc6 12. Bf4 Bd7 13. cxd5 Nxd4 14.
Qxd4 e5 15. Bxe5 Re8 16. Kd2 Qg5+ 17. Bf4 Qe7 18. a4 a6 19. Bd3 Qd8 20. Rhe1
Qa5 21. Reb1 Rad8 22. Qc4 Rc8 23. Qb4 Qxd5 24. Qd6 Qxg2 25. Qd4 Bg4 26. Rg1 Qf3
27. Rg3 Re2+ 28. Bxe2 Qxe2+ 29. Kc1 Re8 30. Bd2 Re4 31. Qd8+ Re8 32. Qg5 1-0

[Event "I Torneo Primavera C.A. Alcorcon 2019"]
[Site "Alcorcón ESP"]
[Date "2019.03.31"]
[Round "2.1"]
[White "Nieto Perez, Juan V."]
[Black "Aguilera Lopez, Alejandro"]
[Result "0-1"]
[WhiteElo "1909"]
[BlackElo "2203"]
[PlyCount "76"]
[EventDate "2019.03.24"]
[EventType "swiss"]
[EventRounds "9"]
[EventCountry "ESP"]
[SourceTitle "Ajedrez en Madrid"]
[Source "lmi"]
[SourceDate "2019.03.24"]
[SourceVersion "1"]
[SourceVersionDate "2019.05.22"]
[SourceQuality "1"]

1. d4 e6 2. Nf3 b6 3. Nbd2 Bb7 4. e4 g6 5. Bd3 Bg7 6. O-O Ne7 7. Re1 O-O 8. Nf1
d6 9. Ng3 c5 10. c3 Nbc6 11. dxc5 bxc5 12. Bf4 e5 13. Bg5 h6 14. Bxe7 Nxe7 15.
Bc4 Kh7 16. Bb3 f5 17. Qd2 f4 18. Nf1 Qd7 19. Rad1 Rad8 20. Qc2 g5 21. h3 Bf6
22. N1d2 g4 23. hxg4 Qxg4 24. Nh2 Qg6 25. Nc4 Bh8 26. Qe2 Bc8 27. Rd3 Rg8 28.
Qf3 h5 29. Red1 d5 30. Nd2 c4 31. Bxc4 dxc4 32. Nxc4 Rxd3 33. Rxd3 Bf6 34. Rd6
Qg5 35. Kf1 Qh4 36. Ke1 Qxh2 37. Rxf6 Qg1+ 38. Kd2 Bg4 0-1

[Event "I Torneo Primavera C.A. Alcorcon 2019"]
[Site "Alcorcón ESP"]
[Date "2019.03.31"]
[Round "2.2"]
[White "Lopez Mijail, Nicolas"]
[Black "Arribas Jimenez, Pedro Angel"]
[Result "1-0"]
[WhiteElo "1950"]
[BlackElo "1855"]
[PlyCount "89"]
[EventDate "2019.03.24"]
[EventType "swiss"]
[EventRounds "9"]
[EventCountry "ESP"]
[SourceTitle "Ajedrez en Madrid"]
[Source "lmi"]
[SourceDate "2019.03.24"]
[SourceVersion "1"]
[SourceVersionDate "2019.05.22"]
[SourceQuality "1"]

1. e4 e6 2. d4 d5 3. Nd2 Nf6 4. e5 Nfd7 5. Bd3 c5 6. c3 Nc6 7. Ne2 Be7 8. Nf3
g5 9. h3 h5 10. Be3 h4 11. dxc5 Ndxe5 12. Nxe5 Nxe5 13. Bd4 Nxd3+ 14. Qxd3 Bf6
15. Bxf6 Qxf6 16. O-O Rg8 17. Nd4 a6 18. Rfe1 Kf8 19. Qf3 Qxf3 20. Nxf3 f6 21.
Rad1 Kf7 22. c4 dxc4 23. Nd2 c3 24. bxc3 e5 25. Nc4 Ke7 26. Rb1 Rb8 27. Na5 Be6
28. Nxb7 Bxa2 29. Rb6 Bd5 30. Na5 Rbc8 31. c6 Kd6 32. c7+ Ke7 33. c4 Ba8 34.
Rxa6 Rxc7 35. Rc1 g4 36. hxg4 Rxg4 37. Rxa8 h3 38. g3 f5 39. Kh2 f4 40. Kxh3
Rg6 41. gxf4 exf4 42. Re1+ Kd7 43. Rh8 Rc5 44. Rh7+ Kd8 45. Nb7+ 1-0

[Event "I Torneo Primavera C.A. Alcorcon 2019"]
[Site "Alcorcón ESP"]
[Date "2019.03.31"]
[Round "2.3"]
[White "Medina Riesgo, Pedro"]
[Black "Barahona Torrijos, Angel"]
[Result "1-0"]
[WhiteElo "2195"]
[BlackElo "1821"]
[PlyCount "105"]
[EventDate "2019.03.24"]
[EventType "swiss"]
[EventRounds "9"]
[EventCountry "ESP"]
[SourceTitle "Ajedrez en Madrid"]
[Source "lmi"]
[SourceDate "2019.03.24"]
[SourceVersion "1"]
[SourceVersionDate "2019.05.22"]
[SourceQuality "1"]

1. e4 e5 2. Nf3 Nc6 3. Bb5 Nd4 4. Nxd4 exd4 5. d3 c6 6. Bc4 Nf6 7. O-O d5 8.
exd5 Nxd5 9. Re1+ Be6 10. Qg4 Qa5 11. Bd2 Bb4 12. c3 dxc3 13. bxc3 Be7 14. Rxe6
fxe6 15. Qxe6 Rd8 16. Bb3 Rd6 17. Qc8+ Qd8 18. Qxb7 O-O 19. Be3 Kh8 20. Bxd5
Rxd5 21. d4 Bg5 22. Nd2 Bxe3 23. fxe3 Qe8 24. e4 Rb5 25. Qa6 Rb2 26. Qd3 Qf7
27. Rf1 Qe7 28. Nf3 Rxa2 29. Qc4 Rc2 30. Qxc6 Qa3 31. Ne1 Re2 32. e5 g5 33. Qh6
Rxf1+ 34. Kxf1 Rxe1+ 35. Kxe1 Qc1+ 36. Ke2 Qc2+ 37. Ke3 Qxc3+ 38. Ke4 Qc2+ 39.
Kd5 Qb3+ 40. Kc5 Qc3+ 41. Kb5 Qb3+ 42. Ka6 Qa4+ 43. Kb7 Qd7+ 44. Ka8 Qd8+ 45.
Kxa7 Qxd4+ 46. Kb7 Qd7+ 47. Kb6 Qd8+ 48. Kc6 Qa8+ 49. Kd7 Qd5+ 50. Qd6 Qf7+ 51.
Kd8 Qg8+ 52. Ke7 Qg7+ 53. Ke8 1-0

[Event "I Torneo Primavera C.A. Alcorcon 2019"]
[Site "Alcorcón ESP"]
[Date "2019.03.31"]
[Round "2.4"]
[White "Recuenco Andres, Javier"]
[Black "Cabañas Bravo, Juan Andres"]
[Result "0-1"]
[WhiteElo "1865"]
[BlackElo "1962"]
[PlyCount "80"]
[EventDate "2019.03.24"]
[EventType "swiss"]
[EventRounds "9"]
[EventCountry "ESP"]
[SourceTitle "Ajedrez en Madrid"]
[Source "lmi"]
[SourceDate "2019.03.24"]
[SourceVersion "1"]
[SourceVersionDate "2019.05.22"]
[SourceQuality "1"]

1. c4 Nf6 2. d4 c5 3. d5 b5 4. b3 bxc4 5. bxc4 d6 6. Nc3 g6 7. Qc2 Bg7 8. f3
O-O 9. e4 Nbd7 10. Rb1 Nb6 11. Bd3 Nfd7 12. Nge2 Ne5 13. Nb5 a6 14. Na3 f5 15.
O-O Nxd3 16. Qxd3 fxe4 17. fxe4 Rxf1+ 18. Kxf1 Nd7 19. Bf4 Ne5 20. Qd2 Bd7 21.
Nc1 Ba4 22. Nb3 Qd7 23. h3 Rf8 24. Kg1 Qe8 25. Be3 Bd7 26. Qe2 Qc8 27. Rf1
Rxf1+ 28. Qxf1 Qb7 29. Bd2 Ba4 30. Qb1 e6 31. Qc2 exd5 32. exd5 Qf7 33. Qe4 Bd7
34. Qf4 Bf5 35. Na5 Qd7 36. g4 Bd3 37. Qe3 Qa4 38. Nc6 Qd1+ 39. Kh2 Qxd2+ 40.
Qxd2 Nf3+ 0-1

[Event "I Torneo Primavera C.A. Alcorcon 2019"]
[Site "Alcorcón ESP"]
[Date "2019.03.31"]
[Round "2.5"]
[White "Campos Tores, Jose Luis"]
[Black "Torres Rebolledo, Victor"]
[Result "1/2-1/2"]
[WhiteElo "1904"]
[BlackElo "1561"]
[PlyCount "74"]
[EventDate "2019.03.24"]
[EventType "swiss"]
[EventRounds "9"]
[EventCountry "ESP"]
[SourceTitle "Ajedrez en Madrid"]
[Source "lmi"]
[SourceDate "2019.03.24"]
[SourceVersion "1"]
[SourceVersionDate "2019.05.22"]
[SourceQuality "1"]

1. d4 f5 2. Nc3 d5 3. Bf4 Nf6 4. e3 e6 5. Bd3 Bd6 6. Nge2 c6 7. O-O O-O 8. f3
c5 9. dxc5 Bxc5 10. Qd2 Nc6 11. Bb5 Bd7 12. Bxc6 bxc6 13. a3 Re8 14. b4 Bb6 15.
Be5 c5 16. bxc5 Bxc5 17. Nd4 Rc8 18. Nce2 Qe7 19. Qd3 Bd6 20. Bxd6 Qxd6 21.
Rfb1 Rb8 22. g3 g6 23. Nb3 Bb5 24. Qd2 e5 25. h3 e4 26. f4 Bxe2 27. Qxe2 Rec8
28. Qd2 Nd7 29. Rd1 Nb6 30. Kf2 Rd8 31. Qd4 Rbc8 32. Ra2 Rc4 33. Qd2 Rdc8 34.
Nd4 a6 35. Rb1 Na4 36. Rb3 Qc5 37. h4 Rc3 1/2-1/2

[Event "I Torneo Primavera C.A. Alcorcon 2019"]
[Site "Alcorcón ESP"]
[Date "2019.03.31"]
[Round "2.6"]
[White "Del Rio Perezagua, Mario"]
[Black "Periotto Miori, Fabrizio Lautaro"]
[Result "0-1"]
[WhiteElo "1819"]
[BlackElo "1634"]
[PlyCount "78"]
[EventDate "2019.03.24"]
[EventType "swiss"]
[EventRounds "9"]
[EventCountry "ESP"]
[SourceTitle "Ajedrez en Madrid"]
[Source "lmi"]
[SourceDate "2019.03.24"]
[SourceVersion "1"]
[SourceVersionDate "2019.05.22"]
[SourceQuality "1"]

1. d4 d5 2. Nc3 Nf6 3. Bg5 e6 4. e4 dxe4 5. Nxe4 Be7 6. Bxf6 Bxf6 7. Nf3 b6 8.
Bd3 Bb7 9. c3 Nd7 10. Qe2 Qe7 11. O-O-O O-O-O 12. Rhe1 Kb8 13. Kb1 Rhe8 14. Bb5
c6 15. Ba4 a5 16. Qe3 b5 17. Bc2 Nb6 18. Nc5 Nd5 19. Qd2 Qc7 20. Be4 Be7 21.
Nd3 Nf6 22. Qe2 Nxe4 23. Qxe4 c5 24. Qxh7 Bxf3 25. gxf3 cxd4 26. Qxg7 dxc3 27.
Qxc3 Qxc3 28. bxc3 Bf6 29. Kc2 Rd5 30. Nc1 Rc5 31. Rd3 Rec8 32. Ne2 b4 33. Rb1
Ka7 34. Rd7+ Ka6 35. Rxf7 Bxc3 36. Kb3 a4+ 37. Kc2 Rd8 38. Rd1 Ba1+ 39. Nc3
Rxc3+ 0-1

[Event "I Torneo Primavera C.A. Alcorcon 2019"]
[Site "Alcorcón ESP"]
[Date "2019.03.31"]
[Round "2.7"]
[White "Bustos Bernardo, Samuel"]
[Black "Hidari, Walid"]
[Result "1-0"]
[WhiteElo "2178"]
[BlackElo "1695"]
[PlyCount "55"]
[EventDate "2019.03.24"]
[EventType "swiss"]
[EventRounds "9"]
[EventCountry "ESP"]
[SourceTitle "Ajedrez en Madrid"]
[Source "lmi"]
[SourceDate "2019.03.24"]
[SourceVersion "1"]
[SourceVersionDate "2019.05.22"]
[SourceQuality "1"]

1. d4 f5 2. c4 Nf6 3. Nc3 g6 4. h4 Bg7 5. h5 d5 6. h6 Bf8 7. Bg5 Nc6 8. e3 Be6
9. Nh3 Bf7 10. Nf4 dxc4 11. Qa4 Qd7 12. O-O-O Nd8 13. Qc2 b5 14. d5 a6 15. f3
Nb7 16. e4 fxe4 17. fxe4 Qg4 18. Nh3 O-O-O 19. Be2 Qd7 20. Rhf1 Bg8 21. Kb1 Nc5
22. Be3 Nb7 23. Bf3 Ng4 24. Bd4 Nf6 25. e5 Nxd5 26. e6 Nxc3+ 27. Bxc3 Qxe6 28.
Bxb7+ 1-0

[Event "I Torneo Primavera C.A. Alcorcon 2019"]
[Site "Alcorcón ESP"]
[Date "2019.03.31"]
[Round "2.8"]
[White "Lopez Guitian, Juan J."]
[Black "Gonzalez Lopez, Sergio"]
[Result "0-1"]
[WhiteElo "1567"]
[BlackElo "1762"]
[PlyCount "98"]
[EventDate "2019.03.24"]
[EventType "swiss"]
[EventRounds "9"]
[EventCountry "ESP"]
[SourceTitle "Ajedrez en Madrid"]
[Source "lmi"]
[SourceDate "2019.03.24"]
[SourceVersion "1"]
[SourceVersionDate "2019.05.22"]
[SourceQuality "1"]

1. Nf3 d5 2. c4 c6 3. b3 Nf6 4. h3 g6 5. Bb2 Bg7 6. d4 O-O 7. e3 Bf5 8. Bd3
Bxd3 9. Qxd3 Nbd7 10. O-O Re8 11. Nc3 Rc8 12. c5 e5 13. Nxe5 Nxe5 14. dxe5 Nd7
15. Na4 Nxe5 16. Qd2 Qe7 17. Bd4 Nd7 18. Rae1 Bxd4 19. exd4 Qf6 20. Nc3 Nf8 21.
Re3 Ne6 22. Rfe1 Kf8 23. Ne2 Ng5 24. Ng3 Ne6 25. Ne2 b6 26. b4 b5 27. h4 h5 28.
g3 g5 29. hxg5 Qxg5 30. Qd3 Qg7 31. Kg2 Qg6 32. Qxg6 fxg6 33. Rd1 a5 34. a3
axb4 35. axb4 Ra8 36. Rb1 Ng5 37. Nc1 Rxe3 38. fxe3 Ne4 39. Nb3 Ra2+ 40. Kh3 g5
41. g4 Nf2+ 42. Kg3 Nxg4 43. Rf1+ Kg7 44. Rf3 Re2 45. Na5 Nf6 46. Rxf6 Kxf6 47.
Kf3 Ra2 48. Nxc6 g4+ 49. Kg3 Kg5 0-1

[Event "I Torneo Primavera C.A. Alcorcon 2019"]
[Site "Alcorcón ESP"]
[Date "2019.04.07"]
[Round "3.1"]
[White "Aguilera Lopez, Alejandro"]
[Black "Lopez Mijail, Nicolas"]
[Result "1-0"]
[WhiteElo "2203"]
[BlackElo "1950"]
[PlyCount "57"]
[EventDate "2019.03.24"]
[EventType "swiss"]
[EventRounds "9"]
[EventCountry "ESP"]
[SourceTitle "Ajedrez en Madrid"]
[Source "lmi"]
[SourceDate "2019.03.24"]
[SourceVersion "1"]
[SourceVersionDate "2019.05.22"]
[SourceQuality "1"]

1. d4 Nf6 2. c4 e6 3. g3 d5 4. Bg2 Be7 5. Nc3 O-O 6. Nf3 dxc4 7. e4 a6 8. a4
Bb4 9. Bg5 h6 10. Bxf6 Qxf6 11. Qe2 c5 12. Qxc4 b5 13. Qd3 cxd4 14. e5 Qd8 15.
Nxd4 Ra7 16. O-O Bb7 17. axb5 Bxg2 18. Kxg2 Rd7 19. Nce2 Bc5 20. Rfd1 Qb6 21.
bxa6 Nc6 22. Qb5 Rxd4 23. Nxd4 Nxd4 24. Qxb6 Bxb6 25. Ra4 Nf5 26. Rd7 Ra8 27.
a7 Kh7 28. Rxf7 Nd4 29. Rd7 1-0

[Event "I Torneo Primavera C.A. Alcorcon 2019"]
[Site "Alcorcón ESP"]
[Date "2019.04.07"]
[Round "3.2"]
[White "Cabañas Bravo, Juan Andres"]
[Black "Medina Riesgo, Pedro"]
[Result "0-1"]
[WhiteElo "1962"]
[BlackElo "2195"]
[PlyCount "90"]
[EventDate "2019.03.24"]
[EventType "swiss"]
[EventRounds "9"]
[EventCountry "ESP"]
[SourceTitle "Ajedrez en Madrid"]
[Source "lmi"]
[SourceDate "2019.03.24"]
[SourceVersion "1"]
[SourceVersionDate "2019.05.22"]
[SourceQuality "1"]

1. e4 c5 2. Nf3 g6 3. d4 cxd4 4. Nxd4 Bg7 5. Nc3 Nc6 6. Be3 Nf6 7. Nxc6 dxc6 8.
Qxd8+ Kxd8 9. Bc4 b5 10. Bxf7 e6 11. e5 Nd5 12. Bg5+ Kc7 13. Nxd5+ cxd5 14. Be7
Bxe5 15. O-O-O Bd6 16. Bxd6+ Kxd6 17. Rd3 Rf8 18. Rf3 Ke7 19. Bxg6 hxg6 20.
Rxf8 Kxf8 21. f4 Bd7 22. c3 a5 23. Rd1 Ke7 24. g3 Rh8 25. h4 Kf6 26. Re1 b4 27.
Kc2 Rc8 28. Kb3 bxc3 29. bxc3 Rc4 30. Re5 Ba4+ 31. Kb2 Bd1 32. Rg5 Re4 33. Kc1
Be2 34. a3 Bf3 35. Kc2 a4 36. Kd3 Bd1 37. Kd2 Bb3 38. h5 gxh5 39. Rxh5 Bc4 40.
Rh8 Re2+ 41. Kc1 Kf5 42. Rf8+ Ke4 43. Re8 Kd3 44. g4 Kxc3 45. Kd1 Rg2 0-1

[Event "I Torneo Primavera C.A. Alcorcon 2019"]
[Site "Alcorcón ESP"]
[Date "2019.04.07"]
[Round "3.3"]
[White "Periotto Miori, Fabrizio Lautaro"]
[Black "Bustos Bernardo, Samuel"]
[Result "1-0"]
[WhiteElo "1634"]
[BlackElo "2178"]
[PlyCount "113"]
[EventDate "2019.03.24"]
[EventType "swiss"]
[EventRounds "9"]
[EventCountry "ESP"]
[SourceTitle "Ajedrez en Madrid"]
[Source "lmi"]
[SourceDate "2019.03.24"]
[SourceVersion "1"]
[SourceVersionDate "2019.05.22"]
[SourceQuality "1"]

1. e4 c5 2. Nf3 d6 3. d4 cxd4 4. Nxd4 Nf6 5. Nc3 a6 6. Bg5 Nbd7 7. f4 Qc7 8.
Qf3 h6 9. Bh4 g5 10. fxg5 hxg5 11. Bg3 g4 12. Qf2 b5 13. O-O-O Bb7 14. Be2 Rc8
15. Nd5 Qa5 16. Nf5 Qxa2 17. Nxd6+ exd6 18. Nxf6+ Nxf6 19. Qxf6 Bh6+ 20. Bf4
Bxf4+ 21. Qxf4 Qa1+ 22. Kd2 Qxb2 23. Bd3 Qc3+ 24. Ke2 Qe5 25. Qxg4 Rxh2 26.
Rxh2 Qxh2 27. Rf1 Qh8 28. Qf4 Qh5+ 29. g4 Qg6 30. e5 Rxc2+ 31. Bxc2 Qxc2+ 32.
Ke1 Qc3+ 33. Kd1 Bd5 34. exd6 Bb3+ 35. Ke2 Qc4+ 36. Ke1 Kd7 37. Qe3 Qe6 38. Kf2
Qxe3+ 39. Kxe3 Kxd6 40. Ra1 Ba4 41. Kd4 Kc6 42. g5 Kb6 43. Kc3 a5 44. Kb2 Kc5
45. Rf1 b4 46. Rxf7 Kd6 47. Rf5 Ke6 48. Rxa5 Bd1 49. Ra1 Bf3 50. Rf1 Bd5 51. g6
Ke7 52. g7 Bf7 53. Rf2 Ke8 54. Re2+ Kd7 55. Rg2 Bg8 56. Rf2 Ke7 57. Rf8 1-0

[Event "I Torneo Primavera C.A. Alcorcon 2019"]
[Site "Alcorcón ESP"]
[Date "2019.04.07"]
[Round "3.4"]
[White "Barahona Torrijos, Angel"]
[Black "Nieto Perez, Juan V."]
[Result "1-0"]
[WhiteElo "1821"]
[BlackElo "1909"]
[PlyCount "51"]
[EventDate "2019.03.24"]
[EventType "swiss"]
[EventRounds "9"]
[EventCountry "ESP"]
[SourceTitle "Ajedrez en Madrid"]
[Source "lmi"]
[SourceDate "2019.03.24"]
[SourceVersion "1"]
[SourceVersionDate "2019.05.22"]
[SourceQuality "1"]

1. e4 d6 2. d4 Nf6 3. Nc3 g6 4. Bg5 Bg7 5. f4 O-O 6. Nf3 c5 7. dxc5 Qa5 8. Qd2
Qxc5 9. O-O-O Re8 10. e5 dxe5 11. Nxe5 h6 12. Bc4 e6 13. Bxf6 Bxf6 14. Ne4 Qe7
15. Bb5 Rf8 16. Nxf6+ Qxf6 17. g3 b6 18. Qg2 Ba6 19. a4 Qe7 20. Qxa8 Bb7 21.
Qxa7 Rc8 22. Qxb6 Bxh1 23. Rxh1 Qb4 24. Rd1 Kg7 25. Qd4 Qb3 26. Nc4+ 1-0

[Event "I Torneo Primavera C.A. Alcorcon 2019"]
[Site "Alcorcón ESP"]
[Date "2019.04.07"]
[Round "3.5"]
[White "Gonzalez Lopez, Sergio"]
[Black "Campos Tores, Jose Luis"]
[Result "0-1"]
[WhiteElo "1762"]
[BlackElo "1904"]
[PlyCount "68"]
[EventDate "2019.03.24"]
[EventType "swiss"]
[EventRounds "9"]
[EventCountry "ESP"]
[SourceTitle "Ajedrez en Madrid"]
[Source "lmi"]
[SourceDate "2019.03.24"]
[SourceVersion "1"]
[SourceVersionDate "2019.05.22"]
[SourceQuality "1"]

1. c4 e6 2. Nf3 Nf6 3. g3 d5 4. cxd5 exd5 5. Bg2 c5 6. d3 Nc6 7. O-O Be7 8. b3
O-O 9. Bb2 h6 10. Nbd2 Be6 11. Rc1 b6 12. d4 Rc8 13. dxc5 bxc5 14. Bxf6 Bxf6
15. Rxc5 Qb6 16. Rc1 Bf5 17. e4 dxe4 18. Ne1 Rfd8 19. Kh1 Qd4 20. Rc2 Nb4 21.
Rxc8 Bxc8 22. a3 Na6 23. Bxe4 Qxd2 24. Qh5 Qd4 25. Bd3 Qd5+ 26. Qxd5 Rxd5 27.
Bc4 Rd2 28. Kg1 Nc7 29. Nd3 Bf5 30. Nc5 Bd4 31. Nb7 Bh3 32. Rc1 Bxf2+ 33. Kh1
Be3 34. Bf1 Bg4 0-1